Notice sur la culture du caféier en Colombie (Registro nro. 72799)

Detalles MARC
000 -ENCABEZADO
Número de control [NR] 01883nam a2200265Ia 4500
005 - FECHA Y HORA DE LA ÚLTIMA TRANSACCIÓN
control field 20190227082033.0
008 - DE LONGITUD FIJA DE DATOS DE ELEMENTOS - INFORMACIÓN GENERAL
Elementos de longitud fija [NR] 130821s1894 be fr 1 fre d
040 ## - FUENTE DE CATALOGACION [NR]
Agencia de catalogación original [NR] Co-BoUCM
Idioma de catalogación [NR] spa
Quien Cataloga Sandra Yazo
Quien Clasifica Sandra Yazo
041 1# - CODIGO DE IDIOMA [R]
Código de idioma para texto/pista de sonido o título separado [R] Francés
082 04 - NUMERO DE CLASIFICACION DECIMAL DEWEY [R]
Número de clasificación [R] 641.3373
Número de la edición [NR] 20
092 ## - SIGNATURA TOPOGRAFICA LOCAL
Número de clasificación local E09N051
100 1# - ASIENTO PRINCIPAL--NOMBRE PERSONAL [NR]
Nombre personal [NR] Saenz, Nicolás
ID Autoridad 64454
Fechas asociadas con el nombre [NR] 1851-1907
242 00 - TRADUCCION DEL TITULO POR LA AGENCIA CATALOGADORA [R]
Título [NR] Informe sobre el cultivo del cafeto en Colombia.
Mención de responsabilidad, etc. [NR] por Nicolás Sáenz ; traducción del español y notas complementarias por Ricardo Núñez.
Código de idioma del título traducido [NR] spa
245 10 - MENCION DE TITULO [NR]
Título [NR] Notice sur la culture du caféier en Colombie
Mención de responsabilidad, etc. [NR] par Nicolas Saenz ; traduit de l'espgnol avec des notes complémentaires par Ricardo Núñez ...
260 ## - PUBLICACION, DISTRIBUCION, ETC. (PIE DE IMPRENTA) [R]
Lugar de publicación, distribución, etc. [R] Bruxelles [Bruselas] (Bélgica)
Nombre del editor, distribuidor, etc. [R] A. Vromant et Cie. [A. Vromant y compañía]
Fecha de publicación, distribución, etc. [R] 1894
300 ## - DESCRIPCION FISICA [R]
Extensión [R] 121, [1] páginas
Dimensiones [R] 25 x 16 cm.
500 ## - NOTA GENERAL [R]
Nota general [NR] Detalles físicos: Encuadernación rígida en cartón forrado en tela encolada, cinta decorativa en tapa delantera. Lomo con letras en dorado. Guardas, la delantera parcialmente. Anteportada con anotación manuscrita de propiedad. Perteneció a la biblioteca de Liborio Zerda. Portada impresa en una sola tinta con una ilustración y se repite la firma de propiedad. Texto impreso en una columna con varios tipos y tamaños de letra. Márgenes amplios. Notas al pie de página. Tablas y gráficos entre el texto. Algunas manchas en el papel
505 0# - NOTA DE CONTENIDO CON FORMATO PREESTABLECIDO [R]
Nota de contenido con formato preestablecido [NR] Botánica del café ; Situación y organización de los cultivos de café ; Centro de explotación ; Trabajos preliminares ; El sombreado ; Cultivos accesorios ; Poda ; Abonos ; Recolección ; Despulpado ; Lavado ; Almacenamiento ; Enfermedades y plagas del cafeto
506 ## - NOTA DE RESTRICCIONES DE ACCESO [R]
Condiciones de acceso [NR] Consulta en sala
546 ## - NOTA DE IDIOMA [R]
Nota de idioma [NR] Texto en francés
650 #7 - ASIENTO SECUNDARIO DE MATERIA - TERMINO TEMATICO [R]
Término temático o nombre geográfico como elemento de entrada [NR] Café
Subdivisión general [R] Cultivo
Subdivisión geográfica [R] Colombia
9 (RLIN) 46424
650 #7 - ASIENTO SECUNDARIO DE MATERIA - TERMINO TEMATICO [R]
Término temático o nombre geográfico como elemento de entrada [NR] Café
Subdivisión general [R] Enfermedades y plagas
9 (RLIN) 10277
690 ## - ASUNTO AGREGADO LOCAL DE ENTRADA - TÉRMINO TEMÁTICO (OCLC, RLIN)
Acceso temático local Agricultura
9 (RLIN) 8719
942 ## - ELEMENTOS DE ENTRADA AGREGADOS (KOHA)
Tipo de ítem principal el descrito en 300a Libro
Tema principal 14
Edición 1
Sistema de clasificación LOCAL
Clasificación E09N051
Existencias
Suprimido Perdido Sistema de clasificación Dañado No prestable Tipo de ítem específico Ubicación habitual Ubicación actual Localización Fecha de creación Forma de adquisición Costo Total préstamos Signatura topográfica Código de barras Última vez visto Ejemplar Price effective from Tipo de ítem
    LOCAL     Libro archivo Archivo Histórico Archivo Histórico Archivo histórico 11/09/2014 Donación 0.00   E09N051 L001433 15/12/2012 Ej.1 03/02/2013 Libro